000 00951nas a2200301 4500
001 BR0305383
003 BR-BrBNA
005 20231205104143.0
007 ta
008 230509b bl.|||p| |||| 00| 00por d
040 _aBR-BrBNA
_bpor
_cBiblioteca Nacional de Agricultura
041 _a(Pt)
072 _aH10
100 1 _aCastelo Branco, M.
100 1 _aFrança, G.H.
100 1 _aPontes, L.A.
100 1 _aAmaral, P.S.T.
245 1 _aAvaliação de suscetibilidade a inseticidas em populações da traça-das-crucíferas de algumas áreas do Brasil
650 _aREPOLHO
650 _aPRAGA DE PLANTA
650 _aINSETICIDA
650 _aCONTROLE QUÍMICO
650 _aPOPULAÇÃO DE PLANTA
650 _aRESISTÊNCIA A PRODUTOS QUÍMICOS
773 0 _tHorticultura Brasileira (Brazil)
_xISSN 0102-0536
_g(Jul-Sep 2003), v. 21(3) p. 549-552
_wBR0305383
909 _a202311
_bLúcia
_c55
_dLúcia Elande
942 _2AGRIS
_n0
_cANA
999 _c176649
_d176649